Κατάλογος Βιβλιοθηκών Mediterranean College

Απάνθισμα Κειμένων / Ρήγα Βελεστίνλη (Record no. 2099)

MARC details
000 -LEADER
fixed length control field 01716cam a22002054a 4500
005 - ΗΜΕΡΟΜΗΝΙΑ ΚΑΙ ΩΡΑ ΤΕΛΕΥΤΑΙΑΣ ΕΝΗΜΕΡΩΣΗΣ
Πεδίο ελέγχου 20250605164030.0
008 - FIXED-LENGTH DATA ELEMENTS--GENERAL INFORMATION
Πεδίο ελέγχου σταθερού μήκους 250528s ||||||||||||||||||||||||d
035 ## - SYSTEM CONTROL NUMBER
System control number 16620
020 ## - ISBN
ISBN 9605600137
040 ## - ΠΗΓΗ ΚΑΤΑΛΟΓΟΓΡΑΦΗΣΗΣ
Φορέας πρωτότυπης καταλογογράφησης MC Athens Campus Library
Γλώσσα καταλογογράφησης Ελληνικά, Μοντέρνα (1453-)
Modifying agency MC Athens Campus Library
Κανόνες περιγραφικής καταλογογράφησης AACR2
245 1# - ΤΙΤΛΟΣ ΚΑΙ ΔΗΛΩΣΗ ΥΠΕΥΘΥΝΟΤΗΤΑΣ
Τίτλος Απάνθισμα Κειμένων / Ρήγα Βελεστίνλη
260 ## - PUBLICATION, DISTRIBUTION, ETC.
Name of publisher, distributor, etc. Βουλή Των Ελλήνων,
Date of publication, distribution, etc. 1998
300 ## - PHYSICAL DESCRIPTION
Extent 160
505 0# - FORMATTED CONTENTS NOTE
Formatted contents note Πρόλογος του Προέδρου της Βουλής των Ελλήνων, Αποσαφήνιση, Κείμενα, Φυσικής Απάνθισμα, Σχολείον των Ντελικάτων Εραστών, Ηθικός Τρίπους, Νέος Ανάχαρσις, Νέα Πολιτική Διοίκησης των Κατοίκων της Ρούμελης - της Μικράς Ασίας - των Μεσογείων Νήσων και της Βλαχομπογδανίας, Ύμνος Πατριωτικός, Γλωσσάριο, Επιλογή Βιβλιογραφίας.
520 ## - SUMMARY, ETC.
Summary, etc. Πρόλογος του Προέδρου της Βουλής των Ελλήνων, Αποσαφήνιση, Κείμενα, Φυσικής Απάνθισμα, Σχολείον των Ντελικάτων Εραστών, Ηθικός Τρίπους, Νέος Ανάχαρσις, Νέα Πολιτική Διοίκησης των Κατοίκων της Ρούμελης - της Μικράς Ασίας - των Μεσογείων Νήσων και της Βλαχομπογδανίας, Ύμνος Πατριωτικός, Γλωσσάριο, Επιλογή Βιβλιογραφίας.
700 1# - ΠΡΟΣΘΕΤΗ ΑΝΑΓΡΑΦΗ--ΦΥΣΙΚΟ ΠΡΟΣΩΠΟ
Personal name Βελεστινλής Ρήγας
9 (RLIN) 2706
942 ## - ADDED ENTRY ELEMENTS (KOHA)
Koha item type Books
Holdings
Τύπος τεκμηρίου Βιβλιοθήκη Τρέχουσα τοποθεσία Barcode Αριθμός εισαγωγής Ημερομηνία απόκτησης Ταξιθετικό σύμβολο Αριθμός αντιτύπου Κατάσταση απόσυρσης Κατάσταση χαμένου Κατάσταση κατεστραμμένου Μη δανεισμός Σύνολο δανεισμών Ημερομηνία τελευταίας εμφάνισης Η τιμή ισχύει από
Books MC Athens Campus Library MC Athens Campus Library 9780000020987 4806 05/06/2025 938.483 VEL 1           05/06/2025 05/06/2025

MC Athens Campus Library
Πατησίων 94 & Κοδριγκτώνος 13, 104 34
Πελλήνης 8 & Πατησίων 107, 112 51
Τ: +30 210 8899600

MC Thessaloniki Campus Library
Ίωνος Δραγούμη 21, 54625 | Ίωνος Δραγούμη 15, 54625
Τ: +30 2310 287779 – Τ: +30 2314 440300